Vplyv príjmových nerovností domácností na spotrebu v krajinách eurozóny diplomová práca

Uložené v:
Podrobná bibliografia
Hlavný autor: Traljić, Michelle
Korporativný autor: Národohospodárska fakulta EU. Katedra bankovníctva a medzinárodných financií
Ďalší autori: Kotlebová, Jana, 1969-
Médium: Kniha
Jazyk:Slovak
Vydavateľské údaje: Bratislava 2020
Tagy: Pridať tag
Žiadne tagy, Buďte prvý, kto otaguje tento záznam!

MARC

LEADER 00000nbm a2200000 4500
001 0268024
005 20211029084326.6
041 0 |a slo 
044 |a SK 
245 1 0 |a Vplyv príjmových nerovností domácností na spotrebu v krajinách eurozóny  |b diplomová práca  |c Michelle Traljić ; školiteľ: Jana Kotlebová 
264 1 |a Bratislava  |c 2020 
300 |a 78 s. 
100 1 |a Traljić, Michelle 
700 1 |a Kotlebová, Jana, 1969- 
710 2 |a Národohospodárska fakulta EU. Katedra bankovníctva a medzinárodných financií